000 00631nam a2200205 u 4500
005 20240924071244.0
008 090522s2006 r 000 0 eng d
020 _a9681676890
035 _aUPN01000170590
049 _aI
050 4 _aPZ74.1
_bF7.4
100 1 _aFranz Rosell, Joel,
_d1954-
_931794
245 1 3 _aLa leyenda de Taita Osongo /
_cJoel Franz Rosell ; il. de Ajubel.
260 _aMéxico :
_bFCE,
_c2006.
300 _a74 p. :
_bil.
440 0 _aA la orilla del viento ;
_v182.
_pPara los que leen bien
650 4 _aCUENTOS INFANTILES CUBANOS
_911212
650 4 _aLiteratura infantil
_94445
905 _aInfantil
999 _c142695
_d142695